<?xml version="1.0" encoding="UTF-8"?>
<collection xmlns="http://www.loc.gov/MARC21/slim">
 <record>
  <leader>00986nam a2200169Ia 4500</leader>
  <controlfield tag="001">UIH_02086</controlfield>
  <controlfield tag="008">230809s9999    xx            000 0 und d</controlfield>
  <datafield tag="082" ind1=" " ind2=" ">
   <subfield code="a">628.1</subfield>
  </datafield>
  <datafield tag="100" ind1=" " ind2=" ">
   <subfield code="a">Lê, Hoàng Phương Thảo</subfield>
  </datafield>
  <datafield tag="245" ind1=" " ind2="0">
   <subfield code="a">Nghiên cứu xây dựng bộ chỉ số chất lượng nước mặt (wqi) phục vụ đánh giá, phân loại chất lượng nước phù hợp với đặc thù sông Vàm Cỏ Đông, Tỉnh Long An : Luận văn thạc sĩ - Chuyên ngành: Quản lý Tài nguyên và Môi trường</subfield>
  </datafield>
  <datafield tag="245" ind1=" " ind2="0">
   <subfield code="c">Lê, Hoàng Phương Thảo</subfield>
  </datafield>
  <datafield tag="260" ind1=" " ind2=" ">
   <subfield code="b">Trường Đại học Công Nghiệp Tp. Hồ Chí Minh</subfield>
  </datafield>
  <datafield tag="260" ind1=" " ind2=" ">
   <subfield code="c">2021</subfield>
  </datafield>
  <datafield tag="650" ind1=" " ind2=" ">
   <subfield code="a">Quản lý tài nguyên;Môi trường nước;</subfield>
  </datafield>
  <datafield tag="856" ind1=" " ind2=" ">
   <subfield code="u">https://opac.iuh.edu.vn/TraCuuTaiLieuSo2XemChiTiet.aspx?Id=111699</subfield>
  </datafield>
  <datafield tag="927" ind1=" " ind2=" ">
   <subfield code="a">Luận văn</subfield>
  </datafield>
  <datafield tag="980" ind1=" " ind2=" ">
   <subfield code="a">Trung tâm Thư viện - Trường Đại học Công nghiệp TP. Hồ Chí Minh</subfield>
  </datafield>
 </record>
</collection>
